000 00371nam a2200145Ia 4500
008 240624s9999 xx 000 0 und d
041 _aeng
082 _a658.408 FER
100 _aFERNANDO A C
245 _aCORPORATE GOVERNANCE PRINCIPLES POLICIES
250 _a(2nd ed.)
260 _c2012
_aNew Delhi
_bPearson
300 _axxi, : 580 : p. : cm. ; 28
365 _cRS
999 _c20434
_d20434